Keralas NR sector in the era of uncertainty (Record no. 61850)

MARC details
000 -LEADER
fixed length control field 00436nam a2200133Ia 4500
100 ## - MAIN ENTRY--AUTHOR NAME
Personal name George K T
245 #0 - TITLE STATEMENT
Title Keralas NR sector in the era of uncertainty
260 ## - PUBLICATION, DISTRIBUTION, ETC. (IMPRINT)
Name of publisher National Conference on Kerala Economy: Challenges and Ways Forward, 28-29 March 2015, Mahatma Gandhi University, Kottayam, India.
650 ## - SUBJECT ADDED ENTRY--TOPICAL TERM
Topical Term Kerala
650 ## - SUBJECT ADDED ENTRY--TOPICAL TERM
Topical Term NR sector
856 ## - ELECTRONIC LOCATION AND ACCESS
Uniform Resource Identifier No article
942 ## - ADDED ENTRY ELEMENTS (KOHA)
Koha item type Journals
Holdings
Withdrawn status Lost status Damaged status Not for loan Home library Current library Shelving location Date acquired Koha item type
      Journals RRII Library RRII Library Economics 17/12/2021 Journals